00453nam a2200169Ia 450000500170000000800410001702000220005804100120008008200150009210000180010724500570012525000080018226000180019050000080020865000430021670000240025920240823050717.0240823s9999||||xx |||||||||||||| ||und|| a978-81-203-4574-4 aENGLISH A658.562 Q2 aDivya Singhal 0aImplementing ISO 9001:2008 Quality Management System a2nd c2012b#VALUE! aYES aManagement SystemsbManagement Studies a Keshan Ram Singhal